Normal view
MARC view
- التعليم الخاص-الأطفال المعوقون-رعاية. الخدمة الاجتماعية للمعوقين-الأطفال المعوقون-تعليم
Entry Topical Term
001 - CONTROL NUMBER
- control field: 22933
003 - CONTROL NUMBER IDENTIFIER
- control field: JO-AjAnu
005 - DATE AND TIME OF LATEST TRANSACTION
- control field: 20230606073942.0
008 - FIXED-LENGTH DATA ELEMENTS
- fixed length control field: 230606|| aca||aabn | a|a d
040 ## - CATALOGING SOURCE
- Original cataloging agency: JO-AjAnu
- Transcribing agency: JO-AjAnu
150 ## - HEADING--TOPICAL TERM
- Topical term or geographic name entry element: التعليم الخاص-الأطفال المعوقون-رعاية. الخدمة الاجتماعية للمعوقين-الأطفال المعوقون-تعليم
670 ## - SOURCE DATA FOUND
- Source citation: Work cat.: (JO-AjAnu)11786: الريحاني،سليمان طعمة مؤلف/الزريقات،إبراهيم عبدالله م.مشارك/طنوس،عادل جورج م.مشارك, author 22932, إرشاد ذوي الحاجات الخاصة وأسرهم